000 00544nam a2200181 i 4500
001 30505
003 ES-MaACL
005 20250804085502.0
007 t|
008 030124s1905 fr ||||1| fre d
100 1 _aBayet, Albert.
_926665
245 1 3 _aLa morale scientifique
_b: essai sur les applications morales des sciences sociologiques /
_cAlbert Bayet.
260 _aParís :
_bE. Cornély et Cie,
_c1905.
300 _a180 p. ;
_c19 cm.
650 0 4 _aÉtica social
_912593
852 _aES-MaACL
_jF-12128
999 _c30505
_d30505